000
00278nam a22001337a 4500
008
170302b xxu||||| |||| 00| 0 eng d
020
_a
0935702172
041
_a
eng
080
_a
575
100
_a
6
101
_a
SHM
245
_a
GENES & GENOMES
_c
SINGER, M
942
_2
udc
_c
BK
999
_c
6581
_d
6581